000 00859nam0a22002531 4500
001 rc\357449
005 20250621043910.0
035 _a(NLR Aleph) 005577427
090 _a6076258
_c6076258
100 _a20030307d1989 |||y0rusy50 ca
101 0 _arus
102 _aRU
105 _ay |||||||||
200 1 _aОб аппроксимации решений краевых задач кубическими сплайнами
210 _aДубна
_cОИЯИ
_d1989
215 _a12 с.
_d22
225 1 _aПрепринт
_fОбъед. ин-т ядер. исслед.
_vР11-89-343
320 _aБиблиогр.: с. 12 (10 назв.)
700 1 _4070
_7ca
_8rus
_aЖанлав
_bТ.
_f1943-
_gТугалын
_9251094
_3RU\NLR\AUTH\770251150
801 0 _aRU
_bNLR
_gpsbo
801 1 _aRU
_bELAR
_2rusmarc
852 _aNLR
_j89-6/2620
942 _cBOOK
980 _aNB